000 00986nam a2200253Ia 4500
003 GCL
008 140319s9999 xx 000 0 ara d
040 _aGCL /
_cGCL
082 0 4 _aق
_b928.162
_bم م
100 1 _aمحمد صابر عرب
245 1 0 _aالمفكرون والسياسة فى مصر المعاصرة دراسة فى مواقف عباس العقاد السياسية /
_cمحمد صابر عرب
260 _a[S.N] :
_bالهيئة المصرية العامة للكتاب ،
_c1993
300 _a208 ص
490 _aمصر النهضة
_v0
650 0 4 _aالعصر الحديث
650 0 4 _aمصر
650 0 4 _aتاريخ
650 0 4 _aالاحوال السياسية
650 0 4 _aالاحوال الثقافية
650 0 4 _aعباس محمود العقاد
650 0 4 _aمصر - تاريخ - العصر الحديث - ثورة 1919
650 0 4 _aمصر - تاريخ - العصر الحديث - الثورة العرابية
942 _2ddc
_cBK
999 _c36199
_d36199